| 000 | 00850cab a2200229 4500 | ||
|---|---|---|---|
| 001 | WB3205-44 | ||
| 008 | 090401t1996 xxu||||| |||| 00| 0 eng d | ||
| 035 | _a(Sirsi) u14308 | ||
| 041 | _aeng | ||
| 245 | _aBusiness occupation | ||
| 260 | _c1996 | ||
| 350 | _a0 | ||
| 490 |
_aEstates Gazette _v(9604) 27 January 1996, 125(1) |
||
| 520 | _aExamines "Graysim Holdings Ltd v P&O Property Holdings Ltd" where the head landlord had to pay statutory compensation twice over: to a tenant and a subtenant; this decision was eventually overturned by the House of Lords. | ||
| 650 | _aGRAYSIM HOLDINGS LTD V P&O PROPERTY HOLDINGS LTD | ||
| 650 | _aLANDLORD AND TENANT ACT 1954 PART II | ||
| 650 | _aSTATUTORY COMPENSATION | ||
| 650 | _aSTATUTORY PROTECTION | ||
| 690 | _aLANDLORD AND TENANT-BUSINESS TENANCIES | ||
| 942 | _n0 | ||
| 948 | _c04/03/1997 | ||
| 999 |
_c9303 _d9303 |
||